00974nam a2200265Ia 450000500170000000800270001702000180004410000270006224500590008925000350014830000640018349000450024753400260029265000550031865000550037365000340042865000360046270000260049826400500052433600270057433700330060133800280063404000350066208400110069720220317000317.0141031s9999 ck 000 0 spa d a97895628908781 aFalconer, Ian, d1959-10aOlivia en Venecia ctexto e ilustraciones Ian Falconer a1a ediciónb2a reimpresión a[40] páginas sin enumerarbilustraciones en colorc29 cm. aLos especiales de a la orilla del viento tOlivia goes to Venice142LEMBaLiteratura infantil estadounidenseySiglo XX142LEMBaCuentos infantiles estadounidensesySiglo XX142LEMBaCerdos en la literatura142LEMBaAnimales en la literatura1 aFalconer, Ian,e1959- aMéxico bFondo de Cultura Económicac2013 atextobtxt2rdacontent asin mediaciónbn2rdamedia avolumenbnc2rdacarrier aCO-BoRNBPbspaerdacCO-BoRNBP aA FAL1